| Поле | Инд. | ПП | Название | Значение |
|---|---|---|---|---|
| Тип записи | a | |||
| Библиографический уровень | b | |||
| 001 | Контрольный номер | RU/IS/BASE/264554043 | ||
| 005 | Дата корректировки | 20200522190626.3 | ||
| 008 | Кодируемые данные | 19970606 | ||
| 084 | a | Индекс другой классификации/Индекс ББК | 63.3(2)-22ю3 | |
| 097 | 00 | a | 700 | |
| 100 | 10 | a | Автор | Дроздов М. |
| q | Полное имя | Дроздов Михаил | ||
| 245 | 00 | a | Заглавие | Богородск на старых фотографиях |
| 520 | 00 | a | Аннотация | Богородск - название г.Ногинск до 1930 г. |
| 650 | a | Основная рубрика | история | |
| 653 | 00 | a | Ключевые слова | Богородск |
| a | Ключевые слова | города | ||
| a | Ключевые слова | история города | ||
| a | Ключевые слова | Московская область | ||
| a | Ключевые слова | Ногинск | ||
| a | Ключевые слова | Россия | ||
| a | Ключевые слова | фотографии (фотоснимки) | ||
| 773 | 00 | t | Заглавие источника | Памятники Отечества |
| d | Дата издания источника | 1995 | ||
| g | Прочая информация | № 34 (3 - 4). - С. 98 - 102 : фотоил. | ||
| w | Контрольный № источника | RU/IS/BASE/142436424 | ||
| 901 | t | Тип документа | b |